GIM International (Record no. 118635)

MARC details
000 -LEADER
fixed length control field 00481cas a22001935a 4500
001 - CONTROL NUMBER
control field L441
008 - FIXED-LENGTH DATA ELEMENTS--GENERAL INFORMATION
fixed length control field 070823c1998 ne mr p 0 a0eng
022 1# - INTERNATIONAL STANDARD SERIAL NUMBER
International Standard Serial Number 1566-9076
035 ## - SYSTEM CONTROL NUMBER
System control number (Sirsi) u99056
041 0# - LANGUAGE CODE
Language code of text/sound track or separate title eng
245 00 - TITLE STATEMENT
Title GIM International
260 ## - PUBLICATION, DISTRIBUTION, ETC.
Place of publication, distribution, etc. AC Lemmer
Name of publisher, distributor, etc. GITC bv
Date of publication, distribution, etc. 1998-
362 0# - DATES OF PUBLICATION AND/OR SEQUENTIAL DESIGNATION
Dates of publication and/or sequential designation 16(10) October 2002-
554 ## -
-- 12 per year
651 #4 - SUBJECT ADDED ENTRY--GEOGRAPHIC NAME
Geographic name International
690 ## - LOCAL SUBJECT ADDED ENTRY--TOPICAL TERM (OCLC, RLIN)
Topical term or geographic name as entry element ENVIRONMENTAL AND LAND CONSULTANCY-GEOMATICS
942 ## - ADDED ENTRY ELEMENTS (KOHA)
Suppress in OPAC 0
948 ## - LOCAL PROCESSING INFORMATION (OCLC); SERIES PART DESIGNATOR (RLIN)
c (OCLC) 06/08/1996
Holdings
Withdrawn status Lost status Source of classification or shelving scheme Damaged status Not for loan Home library Current library Shelving location Date acquired Total Checkouts Full call number Barcode Date last seen Price effective from Koha item type
    Other/Generic Classification Scheme     London London Gallery 23/08/2007   GIM INTERNATIONAL 99056-1001 06/08/2019 06/08/2019 Journal